Normal view
MARC view
- M. Nakahara
Entry Personal Name
001 - CONTROL NUMBER
- control field: 20410
003 - CONTROL NUMBER IDENTIFIER
- control field: NUST
005 - DATE AND TIME OF LATEST TRANSACTION
- control field: 20190913055208.0
008 - FIXED-LENGTH DATA ELEMENTS
- fixed length control field: 190913|| aca||aabn | a|a d
040 ## - CATALOGING SOURCE
- Original cataloging agency: NUST
- Transcribing agency: NUST
100 ## - HEADING--PERSONAL NAME
- Personal name: M. Nakahara
670 ## - SOURCE DATA FOUND
- Source citation: Work cat.: (NUST): M. Nakahara , Geometry, Topology and Physics , 1990
